000 00540nam a2200205Ia 4500
001 dia_222
003 CHAP
005 20221208121539.0
008 220117s1965 xx 000 0 und d
010 _a170651
040 _cCHAP
082 _a336.972 M44
245 _aMemoria de la Secretaria de Hacienda y Crédito Público /
_c por SHCP
260 _aMéxico, SHCP
_c1965
300 _a3 v.
901 _a336.972 M44
902 _aM
905 _a0000001965 MEX 0000000000ESP00
942 _cLIBRO
_2ddc
999 _c170651
_d170651